Normal view
MARC view
Entry Personal Name
001 - CONTROL NUMBER
- control field: 17191
003 - CONTROL NUMBER IDENTIFIER
- control field: BD-RjUL
005 - DATE AND TIME OF LATEST TRANSACTION
- control field: 20251015124836.0
008 - FIXED-LENGTH DATA ELEMENTS
- fixed length control field: 251015|| aca||aabn | a|a d
040 ## - CATALOGING SOURCE
- Original cataloging agency: BD-RjUL
- Transcribing agency: BD-RjUL
100 ## - HEADING--PERSONAL NAME
- Personal name: ভট্টাচার্য্য, সাধন কুমার
670 ## - SOURCE DATA FOUND
- Source citation: Work cat.: (BD-RjUL)85865: সফোক্লিস 17188, রাজা ইডিপাস /